| 000 | 00584nam a22002297a 4500 | ||
|---|---|---|---|
| 001 | 0074 | ||
| 003 | DO-SdBNP | ||
| 005 | 20180207132541.0 | ||
| 007 | 0074 | ||
| 008 | 151014b sp 1982 xxu||||| |||| 00| 0 spa d | ||
| 020 | _a8427230400 | ||
| 040 |
_aBPMSU _bspa _cBPMSU |
||
| 100 | 1 | 0 | _aBlyton, Enid |
| 245 | 1 | 0 |
_aSegundo curso en santa clara / _cEnid Blyton |
| 300 |
_a173 p. : _bil., _c20 cm. |
||
| 490 | 1 | 0 |
_aAventura _v40 |
| 700 | 1 |
_aPeraire del Molino, C. _etrad. |
|
| 830 | 0 | 0 |
_aAventura _n40 |
| 942 |
_2ddc _cBK |
||
| 945 | _aInventariado, 2018/MFF | ||
| 956 | _aBrenda Tavárez | ||
| 999 |
_c8382 _d8382 |
||